[Event "Paracin 2019"]
[Site "Paracin"]
[Date "2019.07.08"]
[Round "4.15"]
[White "Peng, Shunkai"]
[Black "Savic, Miodrag R"]
[Result "1/2-1/2"]
[WhiteElo "2300"]
[BlackElo "2503"]
[PlyCount "247"]
[EventDate "2019.??.??"]

1. e4 d5 2. exd5 Qxd5 3. Nc3 Qa5 4. d4 c6 5. Nf3 Nf6 6. Bc4 Bf5 7. Bd2 Nbd7 8.
Nh4 Bg4 9. f3 Qh5 10. g3 Bh3 11. Qe2 Nb6 12. Bb3 O-O-O 13. O-O-O e6 14. Be1
Nbd5 15. Nxd5 exd5 16. Qf2 g5 17. Ng2 g4 18. f4 Ne4 19. Qg1 Bg7 20. c3 f5 21.
Bf2 Bxg2 22. Qxg2 Qf7 23. h3 h5 24. hxg4 hxg4 25. Bc2 Rde8 26. Rdf1 Kb8 27. Be1
Qg6 28. Bd3 a6 29. Rfg1 Ka7 30. Bf1 Ng5 31. Be2 Ne4 32. Bf1 Bf6 33. Rxh8 Rxh8
34. Rh1 Rh6 35. Qg1 Bd8 36. Rxh6 Qxh6 37. Bf2 Bb6 38. Be3 Qe6 39. Bd3 Nd6 40.
Bf2 Ne4 41. Be3 Qh6 42. Bf1 Ka8 43. Kc2 Ka7 44. Kc1 Qe6 45. Bd3 Bc7 46. Kc2 b5
47. a3 a5 48. b4 a4 49. Bf2 Kb7 50. Be3 Nd6 51. Bc1 Qh6 52. Be3 Ne4 53. Bf1 Qh7
54. Qg2 Nd6 55. Qg1 Qh6 56. Bd2 Kc8 57. Be3 Ne4 58. Qg2 Kd7 59. Qg1 Bd6 60. Kd3
Be7 61. Kc2 Qh8 62. Kd3 Ke6 63. Kc2 Kf7 64. Bd2 Kg6 65. Be1 Bd6 66. Bd2 Qh6 67.
Be3 Qh7 68. Bd2 Qh8 69. Be1 Qh6 70. Qg2 Kf6 71. Qg1 Kf7 72. Qg2 Kg6 73. Qg1 Bc7
74. Bd3 Bd6 75. Bf1 Bxf4 76. gxf4 Qxf4 77. Be2 Qg5 78. Bd3 f4 79. Bd2 g3 80.
Qg2 Qg4 81. Be2 Qf5 82. Kc1 Ng5 83. Bd1 Kf6 84. Bf3 Qd3 85. Be2 Qf5 86. Bf3 Nh3
87. Be2 Ng5 88. Bf3 Kg6 89. Bd1 Kg7 90. Bf3 Kf6 91. Qh1 Qd3 92. Bd1 Qf5 93.
Qh8+ Ke7 94. Bh5 Ne6 95. Qe8+ Kf6 96. Qh8+ Ke7 97. Bf3 Ng5 98. Bh5 Ne6 99. Qe8+
Kd6 100. Qb8+ Kd7 101. Qe8+ Kd6 102. Qb8+ Ke7 103. Qe8+ Kd6 104. Bf3 Qg5 105.
Qf7 g2 106. Bxg2 Qxg2 107. Bxf4+ Nxf4 108. Qxf4+ Ke6 109. Qe5+ Kd7 110. Qf5+
Kc7 111. Qh7+ Kb6 112. Qc2 Qh1+ 113. Qd1 Qh3 114. Qd2 Qg3 115. Kb2 Kc7 116. Kc2
Kd7 117. Qe2 Qg6+ 118. Kb2 Qe6 119. Qxe6+ Kxe6 120. Kc2 Kf5 121. Kd3 Kf4 122.
Kd2 Kf3 123. Kd3 Kf4 124. Kd2 1/2-1/2

[Event "International Tournament "]
[Site "Paracin, Pool "]
[Date "2019.07.08"]
[Round "4.31"]
[White "Chen, Peng"]
[Black "Shahil, Dey"]
[Result "1-0"]
[WhiteElo "2328"]
[BlackElo "2037"]
[PlyCount "65"]
[EventDate "2019.07.05"]

1. e4 c5 2. Nf3 e6 3. d4 cxd4 4. Nxd4 a6 5. Bd3 Nf6 6. O-O Qc7 7. Kh1 Bc5 8.
Nb3 Be7 9. f4 d6 10. Nc3 Nbd7 11. Bd2 O-O 12. g4 Nc5 13. Nxc5 Qxc5 14. g5 Nd7
15. Qh5 b5 16. Rf3 Re8 17. Be3 Qb4 18. Rh3 Nf8 19. Rb1 Bb7 20. Bb6 g6 21. Qh6
d5 22. a3 Qd6 23. Bd4 f6 24. gxf6 Bxf6 25. Bxf6 Qd7 26. e5 Bc6 27. Rg3 d4+ 28.
Ne4 Qf7 29. Kg1 Bxe4 30. Bxe4 d3 31. cxd3 Ra7 32. Kh1 Ree7 33. Rbg1 1-0

[Event "International Tournament "]
[Site "Paracin, Pool "]
[Date "2019.07.08"]
[Round "4.32"]
[White "Nakahara, Kan"]
[Black "Maksimovic, Bojan"]
[Result "0-1"]
[WhiteElo "1958"]
[BlackElo "2326"]
[PlyCount "92"]
[EventDate "2019.07.05"]

1. e4 c5 2. Nf3 e6 3. d4 cxd4 4. Nxd4 a6 5. Bd3 Nf6 6. O-O Qc7 7. Nd2 Be7 8. a4
Nc6 9. Nxc6 bxc6 10. f4 d5 11. e5 Nd7 12. c3 a5 13. b3 Ba6 14. Bxa6 Rxa6 15.
Ba3 Bxa3 16. Rxa3 O-O 17. Kh1 Rb6 18. Nf3 Nc5 19. Qc2 Ne4 20. Nd4 Qe7 21. Raa1
Rc8 22. Rae1 c5 23. Nb5 c4 24. f5 cxb3 25. f6 bxc2 26. fxe7 Re8 27. Re2 Rxe7
28. Rxc2 Rc6 29. g3 h6 30. Rb1 Rb7 31. Kg2 Rc4 32. Ra1 Rb6 33. Kf3 Kh7 34. Ke3
Kg6 35. Ke2 Nc5 36. Rca2 Nxa4 37. Rxa4 Rxa4 38. Rxa4 Rxb5 39. Ke3 h5 40. h4 Rb1
41. g4 hxg4 42. Rxg4+ Kh7 43. Rf4 Kg8 44. Kd4 Re1 45. h5 a4 46. Kc5 Rxe5 0-1

[Event "International Tournament "]
[Site "Paracin, Pool "]
[Date "2019.07.08"]
[Round "4.33"]
[White "Konaplev, Anton"]
[Black "Kanov, Nikola"]
[Result "0-1"]
[WhiteElo "2314"]
[BlackElo "1908"]
[PlyCount "128"]
[EventDate "2019.07.05"]

1. d4 Nf6 2. c4 c5 3. d5 e6 4. Nc3 exd5 5. cxd5 d6 6. Nf3 g6 7. Bf4 Bg7 8. Qa4+
Bd7 9. Qb3 O-O 10. Bxd6 Ba4 11. Qxa4 Qxd6 12. Rd1 a6 13. g3 Nbd7 14. Bg2 b5 15.
Qc2 Rfe8 16. O-O Rad8 17. Rfe1 b4 18. Nb1 Nb6 19. e4 Nfd7 20. b3 a5 21. Nfd2
Bd4 22. Nf3 Bg7 23. Kh1 a4 24. Nfd2 axb3 25. axb3 g5 26. Nf1 Bd4 27. Ne3 Bxe3
28. Rxe3 g4 29. Nd2 Ne5 30. Nf1 c4 31. bxc4 Nbxc4 32. Rb3 Na5 33. Rbb1 Rb8 34.
Ne3 Rec8 35. Qe2 b3 36. Nxg4 Rc2 37. Rd2 Rxd2 38. Qxd2 Nxg4 39. Qxa5 Nxf2+ 40.
Kg1 Nd3 41. Qd2 Qb6+ 42. Kf1 Qa6 43. Kg1 Qb6+ 44. Kf1 Qd4 45. Bf3 Rc8 46. Qg5+
Kh8 47. Kg2 Qf2+ 48. Kh3 Qxf3 49. d6 Nf2+ 50. Kh4 f6 51. Qf5 Qxe4+ 52. Qxe4
Nxe4 53. Rxb3 Nxd6 54. Kg4 Rc4+ 55. Kf3 Kg7 56. Rd3 Nf7 57. Rd2 Ne5+ 58. Kg2
Kg6 59. Ra2 Rc3 60. Re2 Nc4 61. Ra2 Rb3 62. Kh3 Rb2 63. Ra4 Ne5 64. Rf4 h5 0-1

[Event "International Tournament "]
[Site "Paracin, Pool "]
[Date "2019.07.08"]
[Round "4.34"]
[White "Tan, Justin"]
[Black "Ulziikhishigjargal, Ochirkhuyag"]
[Result "1/2-1/2"]
[WhiteElo "2513"]
[BlackElo "2017"]
[PlyCount "112"]
[EventDate "2019.07.05"]

1. e4 e5 2. Nf3 Nc6 3. Bb5 a6 4. Ba4 Nf6 5. O-O b5 6. Bb3 Be7 7. d3 O-O 8. Re1
Bb7 9. Bg5 h6 10. Bh4 d6 11. c3 Nh7 12. Bg3 Ng5 13. Nfd2 Na5 14. Bc2 c5 15. Nf1
Bf6 16. Ne3 g6 17. Nd2 Bg7 18. Rf1 Ne6 19. a3 Nc6 20. Bb3 Ne7 21. Re1 Nf4 22.
Bxf4 exf4 23. Nd5 Bxd5 24. Bxd5 Rb8 25. Bb3 Nc6 26. Nf3 Ne5 27. Bd5 Nxf3+ 28.
Qxf3 Qg5 29. Rad1 a5 30. d4 b4 31. Qd3 Kh7 32. Rd2 bxc3 33. bxc3 cxd4 34. cxd4
f3 35. g3 f5 36. Re3 f4 37. Rxf3 fxg3 38. Rxg3 Qh5 39. Kg2 Rf4 40. Qe3 Rbf8 41.
Rc2 g5 42. Be6 Qd1 43. Rd2 Qb1 44. Bf5+ Kh8 45. Rf3 d5 46. Rxf4 gxf4 47. Qd3
f3+ 48. Qxf3 dxe4 49. Qg4 Qc1 50. Rd1 Qc2 51. Re1 Bxd4 52. Re2 Qd1 53. Be6 Qd3
54. Kg1 Qd1+ 55. Kg2 Qd3 56. Kg1 Qd1+ 1/2-1/2

[Event "International Tournament "]
[Site "Paracin, Pool "]
[Date "2019.07.08"]
[Round "4.35"]
[White "Pasti, Aron"]
[Black "Soysal, Serkan"]
[Result "1-0"]
[WhiteElo "2209"]
[BlackElo "2431"]
[PlyCount "139"]
[EventDate "2019.07.05"]

1. e4 g6 2. d4 Nf6 3. Nc3 d5 4. e5 Ne4 5. Nxe4 dxe4 6. c3 Bg7 7. g3 c5 8. Bg2
Nc6 9. Be3 cxd4 10. cxd4 Qa5+ 11. Qd2 Qxd2+ 12. Kxd2 Bf5 13. Rd1 Rd8 14. Kc1
Nb4 15. Ne2 Nxa2+ 16. Kb1 Nb4 17. Nc3 Nd5 18. Nxe4 f6 19. exf6 Nxf6 20. f3 Nd5
21. Bf2 O-O 22. Rhe1 e5 23. g4 Bxe4+ 24. Rxe4 Rf4 25. Bf1 Rxf3 26. Bh4 Rd6 27.
Bc4 Kf8 28. Rc1 Rf4 29. dxe5 Bxe5 30. Bxd5 Rxe4 31. Bxe4 Rd2 32. Rf1+ Kg7 33.
Rf2 Rd4 34. Bxb7 Rxg4 35. Be7 g5 36. h3 Rg1+ 37. Ka2 Bf4 38. Rg2 Rxg2 39. Bxg2
Be3 40. Kb3 Kf7 41. Ba3 Ke6 42. Kc4 Bc1 43. Kc3 Be3 44. b3 Ke5 45. Kc4 a5 46.
Kb5 Bd2 47. Bc5 Kf4 48. Bd6+ Ke3 49. Bc7 Kf2 50. Be4 h5 51. Bxa5 Bc1 52. Bf5
Kg3 53. Bc7+ Kh4 54. Bd8 Kg3 55. Bc7+ Kh4 56. Kc4 g4 57. hxg4 hxg4 58. b4 g3
59. Be4 Kh3 60. b5 Be3 61. b6 Bxb6 62. Bxb6 Kh2 63. Bc7 Kh3 64. Bf5+ Kg2 65.
Kd3 Kf2 66. Bb6+ Kf1 67. Bh3+ g2 68. Kd4 Ke1 69. Bxg2 Kd1 70. Ke3 1-0

[Event "International Tournament "]
[Site "Paracin, Pool "]
[Date "2019.07.08"]
[Round "4.36"]
[White "Gandhi, Anish"]
[Black "Wadsworth, Matthew J"]
[Result "1-0"]
[WhiteElo "2167"]
[BlackElo "2418"]
[PlyCount "83"]
[EventDate "2019.07.05"]

1. Nf3 Nf6 2. g3 b6 3. Bg2 Bb7 4. O-O g6 5. d4 Bg7 6. c4 O-O 7. d5 c5 8. Nc3 d6
9. h3 Nbd7 10. e4 b5 11. cxb5 a6 12. Re1 axb5 13. Nxb5 Nb6 14. a4 Ba6 15. Bf1
Nfd7 16. Qc2 c4 17. Be3 Bxb5 18. axb5 Qc7 19. Nd4 Qc5 20. Ne6 Qxb5 21. Nxf8
Rxf8 22. Ra7 Rc8 23. Rb1 Qb4 24. Bd2 Qc5 25. Ra5 Qc7 26. Bc3 Nc5 27. Bxg7 Kxg7
28. Ra3 Ncd7 29. Rc3 Qa7 30. Bxc4 Rb8 31. Be2 Rb7 32. b4 Ne5 33. Kg2 f6 34. Rc1
Na8 35. b5 Nd7 36. h4 h5 37. Bd3 Nab6 38. Rc7 Rxc7 39. Qxc7 Qa4 40. Qc3 Nc5 41.
Ra1 Nxe4 42. Qb2 1-0

[Event "International Tournament "]
[Site "Paracin, Pool "]
[Date "2019.07.08"]
[Round "4.37"]
[White "Danaci, Ege"]
[Black "Sadykov, Ramil"]
[Result "0-1"]
[WhiteElo "1976"]
[BlackElo "2342"]
[PlyCount "100"]
[EventDate "2019.07.05"]

1. e4 c6 2. Nc3 d5 3. Nf3 Nf6 4. e5 Ne4 5. Ne2 Qb6 6. d4 e6 7. Nfg1 f6 8. f3
Ng5 9. h4 Nf7 10. f4 c5 11. c3 Nc6 12. Nf3 Bd7 13. g3 Be7 14. Bh3 O-O 15. Be3
cxd4 16. cxd4 Qxb2 17. O-O f5 18. Rb1 Qa3 19. Rb3 Qa6 20. g4 fxg4 21. Bxg4 Nh6
22. Bh3 Na5 23. Rc3 Bb5 24. Rf2 Bxe2 25. Qxe2 Nc4 26. Nd2 b5 27. Nb3 Nf5 28.
Bxf5 Rxf5 29. Nc5 Bxc5 30. dxc5 Raf8 31. Qd3 Qb7 32. Qd4 a5 33. Rc1 Qe7 34. a4
bxa4 35. Rxc4 dxc4 36. Qxc4 Qxh4 37. Qxe6+ Kh8 38. Kf1 Qh1+ 39. Ke2 Rd8 40. Rf1
Qe4 41. Rd1 Qg2+ 42. Ke1 Qh1+ 43. Kf2 Qh2+ 44. Ke1 Qg3+ 45. Bf2 Qc3+ 46. Ke2
Qc2+ 47. Ke3 Qxc5+ 48. Kf3 Rxf4+ 49. Kxf4 Qxf2+ 50. Kg5 Qg3+ 0-1

[Event "International Tournament "]
[Site "Paracin, Pool "]
[Date "2019.07.08"]
[Round "4.38"]
[White "Franklin, Samuel G A"]
[Black "Sahil, Tickoo"]
[Result "1-0"]
[WhiteElo "2339"]
[BlackElo "2187"]
[PlyCount "117"]
[EventDate "2019.07.05"]

1. c4 e6 2. g3 d5 3. Bg2 Nf6 4. Nf3 dxc4 5. O-O Nbd7 6. Qc2 c5 7. a4 Nd5 8.
Qxc4 Be7 9. Nc3 Nb4 10. a5 O-O 11. Qb3 Nc6 12. Qa4 a6 13. d3 Nf6 14. Nd2 Bd7
15. Nc4 Nd4 16. Qd1 Bc6 17. Bxc6 Nxc6 18. Qb3 Nb4 19. Na4 Rc8 20. Bd2 Qd4 21.
Be3 Qg4 22. f3 Qh3 23. Rfc1 Nfd5 24. Bf2 Rfd8 25. Ncb6 Bg5 26. Rc4 Ne3 27. Bxe3
Bxe3+ 28. Kh1 Rc6 29. Rh4 Qf5 30. Rf1 Rcd6 31. Nc4 Bd4 32. Nxd6 Rxd6 33. Qc4 g5
34. Rxd4 Rxd4 35. Qxc5 Qh3 36. Rc1 Nc6 37. Qxg5+ Kf8 38. Nc3 Rb4 39. Rb1 h6 40.
Qc5+ Kg8 41. Kg1 h5 42. Qg5+ Kf8 43. Ne4 Qf5 44. Qh6+ Ke7 45. Qd2 Qxa5 46. Rc1
Qb6+ 47. Kf1 Rxb2 48. Qg5+ Kd7 49. Qf4 f5 50. Qd6+ Kc8 51. Nc5 Qd8 52. Qxe6+
Kb8 53. Nxa6+ Ka7 54. Nc5 Qe7 55. Ra1+ Kb8 56. Qg8+ Kc7 57. Ne6+ Kd6 58. Nf4
Rb5 59. Rc1 1-0

[Event "International Tournament "]
[Site "Paracin, Pool "]
[Date "2019.07.08"]
[Round "4.39"]
[White "Gajic, Mladen"]
[Black "Spirliadis, Achileas"]
[Result "0-1"]
[WhiteElo "2334"]
[BlackElo "2151"]
[PlyCount "90"]
[EventDate "2019.07.05"]

1. d4 Nf6 2. Bf4 e6 3. e3 c5 4. Nf3 Be7 5. h3 O-O 6. Nbd2 cxd4 7. exd4 b6 8.
Bd3 Bb7 9. c3 d6 10. Qe2 Nbd7 11. O-O Re8 12. Bh2 a6 13. a4 Nf8 14. Nc4 Ng6 15.
a5 b5 16. Nb6 Ra7 17. c4 bxc4 18. Bxc4 Bxf3 19. Qxf3 d5 20. Bd3 Bb4 21. Rfc1
Bxa5 22. Nc8 Ra8 23. Nd6 Re7 24. Bxa6 Bd2 25. Rc8 Rxc8 26. Nxc8 Re8 27. Qd3 Bb4
28. Qb5 Bf8 29. b4 e5 30. Qa4 exd4 31. b5 Bc5 32. Qc2 Ne4 33. Qd3 Nc3 34. Kh1
Ne5 35. Bxe5 Rxe5 36. Bb7 Qc7 37. Ba6 Re8 38. g3 g6 39. Kg2 Re6 40. h4 h5 41.
Kg1 Qe5 42. Kg2 Qe4+ 43. Qf3 Rf6 44. Qxe4 dxe4 45. Bb7 d3 0-1

[Event "International Tournament "]
[Site "Paracin, Pool "]
[Date "2019.07.08"]
[Round "4.40"]
[White "Rabrenovic, Vladan"]
[Black "Tyurin, Artem"]
[Result "1/2-1/2"]
[WhiteElo "2326"]
[BlackElo "2107"]
[PlyCount "78"]
[EventDate "2019.07.05"]

1. d4 d5 2. c4 e6 3. Nc3 Be7 4. Nf3 Nf6 5. e3 O-O 6. Bd3 c5 7. O-O Nc6 8. a3 b6
9. cxd5 exd5 10. h3 Bb7 11. b3 a6 12. Bb2 cxd4 13. exd4 Bd6 14. Rc1 b5 15. Bb1
Bc7 16. Re1 Qd6 17. Rc2 Rae8 18. Rce2 Rxe2 19. Nxe2 Ne4 20. Bc1 Qf6 21. Qc2 Bd6
22. Be3 Ne7 23. Ne5 Bc8 24. Ng3 Rd8 25. Nxe4 dxe4 26. Qxe4 Bf5 27. Qf3 Bxb1 28.
Rxb1 Qxf3 29. Nxf3 Rc8 30. Rc1 Rxc1+ 31. Bxc1 Nd5 32. Bb2 f6 33. Kf1 Kf7 34.
Ke2 Ke6 35. Kd3 Bc7 36. Ne1 Bd6 37. Nc2 f5 38. g3 h6 39. g4 f4 1/2-1/2

[Event "International Tournament "]
[Site "Paracin, Pool "]
[Date "2019.07.08"]
[Round "4.41"]
[White "Wong, Jianwen"]
[Black "Kosmidis, Ioannis"]
[Result "0-1"]
[WhiteElo "2301"]
[BlackElo "2100"]
[PlyCount "96"]
[EventDate "2019.07.05"]

1. e3 d5 2. Nf3 Nf6 3. c4 c6 4. Nc3 g6 5. b3 Bg7 6. Bb2 O-O 7. Be2 dxc4 8. bxc4
c5 9. O-O Nc6 10. Qb3 b6 11. Rfd1 Bb7 12. Rac1 Nh5 13. d3 Rc8 14. Nb5 e5 15.
Nd2 f5 16. Bf3 Qe7 17. Qa3 Ra8 18. Nc3 Nf6 19. Nd5 Qd7 20. Bc3 g5 21. Nxf6+
Bxf6 22. Bd5+ Kh8 23. Qb2 Rae8 24. a4 Nd8 25. e4 Bxd5 26. cxd5 f4 27. Qb5 Qg7
28. a5 g4 29. axb6 axb6 30. Nc4 Nf7 31. Qxb6 Ng5 32. Nd6 Nf3+ 33. Kh1 Nxh2 34.
Nxe8 Qh6 35. Kg1 Nf3+ 36. Kf1 Rxe8 37. Ke2 Nd4+ 38. Ke1 g3 39. Bxd4 exd4 40.
Ke2 gxf2 41. Kd2 f3+ 42. Kc2 fxg2 43. Kb3 Bg5 44. Qxc5 Bxc1 45. Qxd4+ Qg7 46.
Qxf2 Rb8+ 47. Kc4 Qc7+ 48. Kd4 Qb6+ 0-1

[Event "International Tournament "]
[Site "Paracin, Pool "]
[Date "2019.07.08"]
[Round "4.42"]
[White "Colovic, Dusan"]
[Black "Peycheva, Gergana"]
[Result "1/2-1/2"]
[WhiteElo "2297"]
[BlackElo "2065"]
[PlyCount "68"]
[EventDate "2019.07.05"]

1. d4 Nf6 2. Nc3 d5 3. Bf4 e6 4. e3 Bb4 5. Bd3 c5 6. dxc5 Nbd7 7. Nf3 Nxc5 8.
O-O Bxc3 9. bxc3 O-O 10. c4 Qe7 11. Ne5 Rd8 12. Qf3 Nfe4 13. cxd5 exd5 14. Qh5
f6 15. Nf3 Be6 16. Nd4 Bf7 17. Qe2 Bg6 18. f3 Nxd3 19. cxd3 Nc5 20. Rfd1 Rac8
21. Rac1 Ne6 22. Nxe6 Qxe6 23. Qb2 Rxc1 24. Rxc1 Bxd3 25. Qd4 Bb5 26. Rc7 Bc6
27. h4 h6 28. g4 Rc8 29. Rxc8+ Qxc8 30. Qxa7 d4 31. Kf2 dxe3+ 32. Qxe3 Bd5 33.
a3 Qc2+ 34. Kg3 Qb3 1/2-1/2

[Event "International Tournament "]
[Site "Paracin, Pool "]
[Date "2019.07.08"]
[Round "4.43"]
[White "Holland, James P"]
[Black "Angun, Batu"]
[Result "1/2-1/2"]
[WhiteElo "2263"]
[BlackElo "2054"]
[PlyCount "57"]
[EventDate "2019.07.05"]

1. d4 Nf6 2. c4 g6 3. Nf3 Bg7 4. g3 O-O 5. Bg2 c6 6. O-O d5 7. Qa4 Nbd7 8. cxd5
Nb6 9. Qb3 cxd5 10. Nc3 Ne4 11. Bf4 Bf5 12. Ne5 Rc8 13. Rfc1 h6 14. a4 g5 15.
Be3 Be6 16. a5 Nxc3 17. Rxc3 Nc4 18. Nxc4 dxc4 19. Qxb7 Rb8 20. Qxa7 Rxb2 21.
Qc5 Qd6 22. Qxd6 exd6 23. a6 d5 24. a7 Ra8 25. Rxc4 Rxa7 26. Rxa7 dxc4 27. Ra1
Rxe2 28. Rc1 c3 29. Bf1 1/2-1/2

[Event "International Tournament "]
[Site "Paracin, Pool "]
[Date "2019.07.08"]
[Round "4.44"]
[White "Terziev, Dimo"]
[Black "Eswaran, Ashritha"]
[Result "1-0"]
[WhiteElo "2166"]
[BlackElo "2257"]
[PlyCount "101"]
[EventDate "2019.07.05"]

1. e4 e6 2. d3 d5 3. Nd2 c5 4. Ngf3 Nc6 5. g3 Bd6 6. Bg2 Nge7 7. O-O O-O 8. Re1
Qc7 9. c3 Bd7 10. a4 f6 11. Qe2 d4 12. c4 e5 13. Rf1 Rf7 14. Ne1 Raf8 15. Nb1
Kh8 16. b3 a6 17. Bd2 Qb8 18. Na3 Bc7 19. Rb1 Ba5 20. Bxa5 Nxa5 21. f4 Nac6 22.
f5 g6 23. g4 Rg8 24. h3 Qf8 25. Rf2 Qg7 26. Kf1 gxf5 27. gxf5 Qh6 28. Qd2 Qh5
29. Qd1 Qh4 30. Nac2 a5 31. Nf3 Qg3 32. Nce1 Nb4 33. Rbb2 Nxf5 34. exf5 Bxf5
35. Qd2 Bxh3 36. Bxh3 Qxh3+ 37. Ke2 Qg4 38. Kd1 Qe6 39. Qe2 Nc6 40. Qe4 f5 41.
Qd5 Qe7 42. Rbe2 Re8 43. Rh2 Rd8 44. Nxe5 Rxd5 45. Ng6+ Kg7 46. Nxe7 Rd6 47.
Rhg2+ Kh6 48. Ng8+ Kh5 49. Rh2+ Kg5 50. Reg2+ Kf4 51. Rh4+ 1-0

[Event "International Tournament "]
[Site "Paracin, Pool "]
[Date "2019.07.08"]
[Round "4.45"]
[White "Bratkovic, Sham"]
[Black "Kishan, Gangolli"]
[Result "0-1"]
[WhiteElo "2237"]
[BlackElo "2035"]
[PlyCount "96"]
[EventDate "2019.07.05"]

1. e4 e6 2. d4 d5 3. Nd2 c5 4. exd5 exd5 5. Ngf3 Nc6 6. Bb5 Qe7+ 7. Be2 Qc7 8.
O-O Nf6 9. Re1 Be6 10. c4 cxd4 11. cxd5 Bxd5 12. Bb5+ Be7 13. Qe2 d3 14. Qe3 a6
15. Bxc6+ Bxc6 16. Nd4 Nd5 17. Qxd3 O-O 18. Nxc6 Qxc6 19. Nc4 Bf6 20. Ne5 Rae8
21. Nf3 Nb4 22. Qb3 Nc2 23. Rxe8 Rxe8 24. Rb1 Nd4 25. Qd1 Nxf3+ 26. gxf3 Rd8
27. Qe2 Qd5 28. Bf4 Qxa2 29. Rd1 Rxd1+ 30. Qxd1 Qxb2 31. Qd7 Qb1+ 32. Kg2 h6
33. Bd6 Qd3 34. f4 Kh7 35. Qc7 Qd5+ 36. Kg1 Qc6 37. Qb8 a5 38. Be5 Bxe5 39.
fxe5 a4 40. Qf8 Qc1+ 41. Kg2 Qg5+ 42. Kf1 Qxe5 43. Qxf7 a3 44. h4 Qe4 45. h5
Qb1+ 46. Kg2 a2 47. f4 a1=Q 48. f5 Qe4+ 0-1

[Event "International Tournament "]
[Site "Paracin, Pool "]
[Date "2019.07.08"]
[Round "4.46"]
[White "Tanishka, Kotia"]
[Black "Popovic, Aleksandar M"]
[Result "1/2-1/2"]
[WhiteElo "1942"]
[BlackElo "2234"]
[PlyCount "72"]
[EventDate "2019.07.05"]

1. e4 e5 2. Nf3 d6 3. d4 exd4 4. Nxd4 Nf6 5. Nc3 Be7 6. Be2 O-O 7. Qd3 c5 8.
Nf5 Nc6 9. O-O Nb4 10. Qg3 Bxf5 11. exf5 Re8 12. Bb5 Nxc2 13. Bxe8 Qxe8 14. Rb1
Qd7 15. Qd3 Nd4 16. Be3 Nxf5 17. Rbd1 Nxe3 18. fxe3 Qe6 19. e4 Rb8 20. Rfe1 Ng4
21. Qg3 Bf8 22. Nd5 Ne5 23. Rf1 Kh8 24. Rf5 Nc6 25. Rdf1 Nd4 26. R5f2 Be7 27.
Qa3 Rf8 28. Qxa7 Bg5 29. Rxf7 Ne2+ 30. Kh1 Ng3+ 31. hxg3 Qh6+ 32. Kg1 Be3+ 33.
Nxe3 Qxe3+ 34. R7f2 Rxf2 35. Rxf2 Qc1+ 36. Kh2 Qh6+ 1/2-1/2

[Event "International Tournament "]
[Site "Paracin, Pool "]
[Date "2019.07.08"]
[Round "4.47"]
[White "Kersten, Julian"]
[Black "Kecskemeti, Arpad"]
[Result "1/2-1/2"]
[WhiteElo "1951"]
[BlackElo "2230"]
[PlyCount "40"]
[EventDate "2019.07.05"]

1. d4 Nf6 2. Bg5 c5 3. Nc3 cxd4 4. Qxd4 Nc6 5. Qh4 e6 6. O-O-O Be7 7. e4 O-O 8.
f4 d6 9. Rd3 Ne8 10. Rh3 h6 11. Nf3 f5 12. exf5 Rxf5 13. Bd3 hxg5 14. Qh8+ Kf7
15. g4 Rxf4 16. Qh5+ Kf8 17. Qh8+ Kf7 18. Qh5+ Kf8 19. Qh8+ Kf7 20. Qh5+ Kf8
1/2-1/2

[Event "International Tournament "]
[Site "Paracin, Pool "]
[Date "2019.07.08"]
[Round "4.48"]
[White "Nagare, Akhilesh"]
[Black "Banovic, Ivan"]
[Result "1/2-1/2"]
[WhiteElo "1928"]
[BlackElo "2227"]
[PlyCount "119"]
[EventDate "2019.07.05"]

1. d4 g6 2. Nf3 Nf6 3. g3 Bg7 4. Bg2 O-O 5. O-O d6 6. c4 Nc6 7. Nc3 a6 8. b3 e5
9. dxe5 dxe5 10. Ba3 Re8 11. Qxd8 Rxd8 12. Rad1 Bf5 13. Nd5 Rac8 14. h3 Re8 15.
e3 h6 16. g4 Be6 17. Nxf6+ Bxf6 18. Nd2 Bg7 19. Ne4 Nd8 20. Nc5 Bf8 21. Nxe6
Rxe6 22. Bb2 c6 23. Rd7 Rd6 24. Rd1 Rxd1+ 25. Rxd1 Bg7 26. Rd7 Rb8 27. c5 Ne6
28. b4 Nf8 29. Rd6 Ne6 30. Rd7 Nf8 31. Rd6 Ne6 32. Kf1 Rd8 33. Rxd8+ Nxd8 34.
Ke2 f5 35. gxf5 gxf5 36. Kd2 e4 37. Bc1 Kf7 38. Kc2 Be5 39. Kb3 Ne6 40. Kc4 Nc7
41. f3 exf3 42. Bxf3 Ke7 43. Bd2 Ne8 44. a4 Nf6 45. Bc3 Nd7 46. Bd4 Bg3 47. b5
axb5+ 48. axb5 Ne5+ 49. Bxe5 Bxe5 50. bxc6 bxc6 51. Bxc6 f4 52. e4 f3 53. Kd5
f2 54. Bb5 Kf6 55. Be2 Bg3 56. Kd4 Bf4 57. Bd3 Bb8 58. Bf1 Bf4 59. Kd5 Bg3 60.
Be2 1/2-1/2

[Event "International Tournament "]
[Site "Paracin, Pool "]
[Date "2019.07.08"]
[Round "4.49"]
[White "Harisurya, Bharadwaj Gundepudi"]
[Black "Vafin, Ayrat"]
[Result "0-1"]
[WhiteElo "1831"]
[BlackElo "2213"]
[Annotator "Natasa"]
[PlyCount "65"]
[EventDate "2019.07.05"]

1. d4 d5 2. Bf4 Nf6 3. e3 c5 4. c3 Nc6 5. Nd2 e6 6. Ngf3 Bd6 7. Bg3 O-O 8. Bd3
b6 9. Qe2 Bb7 10. O-O Bxg3 11. hxg3 Qd6 12. Bb5 Ne7 13. Ne5 Ne4 14. Nxe4 dxe4
15. Ba6 Bxa6 16. Qxa6 cxd4 17. exd4 Qd5 18. Qe2 Nf5 19. Rfe1 e3 20. fxe3 Nxg3
21. Qg4 Ne4 22. c4 Qb7 23. Rf1 f5 24. Qf3 Qe7 25. Rad1 Qh4 26. Qf4 Qe7 27. d5
exd5 28. Rxd5 Nf6 29. Rd3 Rae8 30. Nc6 Qc5 31. Nd4 Qxc4 32. Rc3 Qxa2 33. Ra3 {
...} 0-1

[Event "International Tournament "]
[Site "Paracin, Pool "]
[Date "2019.07.08"]
[Round "4.50"]
[White "Milosevic, Milos"]
[Black "Koljevic, Nikolina"]
[Result "1-0"]
[WhiteElo "2312"]
[BlackElo "1960"]
[PlyCount "65"]
[EventDate "2019.07.05"]

1. e4 c5 2. Nc3 Nc6 3. f4 g6 4. Nf3 Bg7 5. Bb5 Nd4 6. O-O Nxb5 7. Nxb5 d5 8. e5
a6 9. Nc3 e6 10. b3 Ne7 11. Na4 b6 12. d4 Bd7 13. Ba3 Bxa4 14. bxa4 Nf5 15. Qd2
Bf8 16. Rab1 Rb8 17. dxc5 Bxc5+ 18. Bxc5 bxc5 19. g4 Ne7 20. Qd3 Rb6 21. Qa3
Qc7 22. a5 Rxb1 23. Rxb1 O-O 24. Qa4 Qc6 25. Qb3 d4 26. Qb7 Rc8 27. Ng5 h6 28.
Ne4 Nd5 29. Nd6 Qxb7 30. Rxb7 Rc7 31. Rb8+ Kh7 32. Kf2 Nxf4 33. Ne8 1-0

[Event "International Tournament "]
[Site "Paracin, Pool "]
[Date "2019.07.08"]
[Round "4.51"]
[White "Brankovic, Vladislav"]
[Black "O`donnell, Conor"]
[Result "0-1"]
[WhiteElo "2144"]
[BlackElo "2341"]
[PlyCount "60"]
[EventDate "2019.07.05"]

1. e4 e5 2. Nf3 Nc6 3. Nc3 Nf6 4. Bb5 Bd6 5. d3 h6 6. h3 O-O 7. Be3 a6 8. Bc4
b5 9. Bb3 Na5 10. Qd2 Bb7 11. Ne2 Nxb3 12. axb3 Re8 13. Nh2 Bf8 14. g4 d5 15.
f3 Nh7 16. O-O Be7 17. Qe1 c5 18. Rd1 Qc7 19. Qg3 c4 20. bxc4 bxc4 21. exd5
cxd3 22. Rxd3 Qxc2 23. Rd2 Qb3 24. Nc3 Bb4 25. d6 Rad8 26. Rfd1 Rd7 27. g5 hxg5
28. Bxg5 Re6 29. Rd3 Bxc3 30. bxc3 Nxg5 0-1

[Event "International Tournament "]
[Site "Paracin, Pool "]
[Date "2019.07.08"]
[Round "4.52"]
[White "Yurasova, Daria"]
[Black "Audi, Ameya"]
[Result "0-1"]
[WhiteElo "2128"]
[BlackElo "2328"]
[PlyCount "84"]
[EventDate "2019.07.05"]

1. e4 c5 2. Nf3 e6 3. g3 Nc6 4. Bg2 Nf6 5. Nc3 e5 6. O-O d6 7. d3 h6 8. Nd5
Nxd5 9. exd5 Ne7 10. c4 a5 11. Re1 g6 12. Bd2 Bg7 13. Qc1 Bf5 14. Bf1 g5 15.
Be3 Qd7 16. b4 axb4 17. a3 O-O 18. h4 Bg4 19. Nh2 gxh4 20. Bxh6 hxg3 21. fxg3
Bf5 22. Qg5 Bg6 23. Bxg7 Kxg7 24. Ng4 Ng8 25. axb4 cxb4 26. Rxa8 Rxa8 27. Bh3
Qc7 28. Ne3 b3 29. Nf5+ Kf8 30. Nh4 Bxd3 31. Bf1 Qc5+ 32. Kg2 Bc2 33. Be2 b2
34. Nf5 Bxf5 35. Qxf5 Ra1 36. Bh5 Nh6 37. Qf6 Rxe1 38. Qxh6+ Ke8 39. Qe6+ Kd8
40. Qf6+ Kc7 41. Qe7+ Kb6 42. Qd8+ Ka7 0-1

[Event "International Tournament "]
[Site "Paracin, Pool "]
[Date "2019.07.08"]
[Round "4.53"]
[White "Baylav, Can"]
[Black "Krasteva, Beloslava"]
[Result "0-1"]
[WhiteElo "2120"]
[BlackElo "2327"]
[PlyCount "62"]
[EventDate "2019.07.05"]

1. e4 c5 2. Nf3 d6 3. Bb5+ Nd7 4. a4 a6 5. Bc4 Ngf6 6. Nc3 e6 7. O-O b6 8. d4
cxd4 9. Nxd4 Bb7 10. Re1 Ne5 11. Bf1 Be7 12. f4 Nc6 13. Be3 O-O 14. Nb3 Qc7 15.
g4 d5 16. e5 Nd7 17. Bg2 g5 18. Nd4 Nxd4 19. Bxd4 gxf4 20. Qd2 Bc5 21. Bxc5
Qxc5+ 22. Kh1 Qc4 23. g5 Kh8 24. Bf3 Rg8 25. h4 h6 26. Qh2 Rg6 27. Re2 hxg5 28.
Rg1 g4 29. Rxg4 Rxg4 30. Bxg4 d4+ 31. Ne4 Bxe4+ 0-1